[Event "IX Open"]
[Site "Condino ITA"]
[Date "2009.07.28"]
[Round "3"]
[White "Forno, Diego"]
[Black "Weinberg, Emanuele"]
[Result "0-1"]
[WhiteElo "1527"]
[BlackElo "1883"]
[PlyCount "118"]
[EventDate "2009.07.27"]

1. d4 Nf6 2. Nf3 d6 3. Bf4 g6 4. c4 Bg7 5. Nc3 c5 6. d5 O-O 7. e4 Na6 8. Qd2
Re8 9. Bh6 Bh8 10. h3 Nc7 11. Bd3 a6 12. O-O Rb8 13. b3 b5 14. Rfe1 b4 15. Na4
Nd7 16. Rab1 Ne5 17. Nxe5 Bxe5 18. Bf4 Bd4 19. Be3 Bh8 20. f4 Bd7 21. Qe2 Qc8
22. Nb2 e6 23. g4 exd5 24. exd5 Rxe3 25. Qg2 Rxe1+ 26. Rxe1 Bxb2 27. Qxb2 Qf8
28. Qf6 Ne8 29. Qh4 f6 30. f5 g5 31. Qg3 Ng7 32. h4 Re8 33. Rxe8 Nxe8 34. hxg5
fxg5 35. Qe3 h6 36. Kg2 Nf6 37. Kg3 Qe8 38. Qxe8+ Bxe8 39. Bc2 Kg7 40. Bd3 Nd7
41. Bc2 Kf6 42. Kf3 Ke5 43. Ke3 Nf6 44. Bd1 h5 45. gxh5 Bxh5 46. Bc2 Bg4 47.
Bd3 Bxf5 48. Bxf5 Kxf5 49. Kf3 g4+ 50. Kg3 Kg5 51. Kg2 Kf4 52. Kf2 g3+ 53. Kg2
Ne4 54. Kf1 Kf3 55. Kg1 g2 56. a3 bxa3 57. b4 a2 58. bxc5 a1=Q+ 59. Kh2 Qh1#
0-1

[Event "IX Open"]
[Site "Condino ITA"]
[Date "2009.07.28"]
[Round "3"]
[White "Fragni, Enrico"]
[Black "Saviano, Sabato"]
[Result "1-0"]
[WhiteElo "1762"]
[BlackElo "1695"]
[PlyCount "45"]
[EventDate "2009.07.27"]

1. Nf3 d5 2. e3 Bg4 3. Be2 Nc6 4. d4 Nf6 5. Nbd2 e5 6. dxe5 Nxe5 7. Nxe5 Bxe2
8. Qxe2 Bd6 9. Nef3 Qe7 10. O-O h5 11. b3 g5 12. Bb2 g4 13. Nh4 Qe6 14. Qb5+ c6
15. Qxb7 O-O 16. Qa6 c5 17. g3 Rfb8 18. Qd3 Ne4 19. Nxe4 dxe4 20. Qc3 Kf8 21.
Rad1 Rd8 22. Rxd6 Qxd6 23. Qg7+ 1-0

[Event "IX Open"]
[Site "Condino ITA"]
[Date "2009.07.28"]
[Round "3"]
[White "Gardi, Giuseppe"]
[Black "Marguerettaz, Davy"]
[Result "0-1"]
[WhiteElo "2017"]
[BlackElo "2048"]
[PlyCount "78"]
[EventDate "2009.07.27"]

1. d4 d5 2. Nf3 Nf6 3. Bf4 c5 4. e3 Qb6 5. Nc3 Bf5 6. Na4 Qa5+ 7. c3 c4 8. b4
Qb5 9. Nb2 Ne4 10. Rc1 e5 11. a4 Qb6 12. Nxe5 Bxb4 13. Nbxc4 dxc4 14. Bxc4
Bxc3+ 15. Kf1 Qb2 16. Bxf7+ Ke7 17. Bg3 Nc6 18. Nxc6+ bxc6 19. Bh5 g6 20. Be2
Nd2+ 21. Kg1 Nb3 22. Rxc3 Qxc3 23. h3 Bc2 24. Qf1 Nd2 25. Qc1 Rab8 26. Bb5 cxb5
27. Bxb8 Rxb8 28. a5 b4 29. Kh2 b3 30. Qa3+ Qb4 31. Qb2 Nc4 32. Qc1 Qd2 33. Qf1
Bd3 34. Qa1 b2 35. Qa4 b1=Q 36. Rxb1 Rxb1 37. Qc6 Qxa5 38. d5 Qb6 39. Qc8 Qb8+
0-1

[Event "IX Open"]
[Site "Condino ITA"]
[Date "2009.07.28"]
[Round "3"]
[White "Giovannini, Roberto"]
[Black "Hortensius, Myrre"]
[Result "1/2-1/2"]
[WhiteElo "1976"]
[BlackElo "1773"]
[PlyCount "61"]
[EventDate "2009.07.27"]

1. d4 d5 2. Bf4 c6 3. e3 Nf6 4. Nd2 e6 5. Ngf3 Nbd7 6. Bd3 Be7 7. c3 O-O 8. h4
c5 9. Ne5 Qb6 10. Rb1 Bd6 11. Ndf3 Qc7 12. g4 Ne4 13. Qc2 b6 14. Nxd7 Bxd7 15.
Bxd6 Qxd6 16. Ne5 f5 17. f3 Nf6 18. gxf5 c4 19. Bf1 exf5 20. f4 Ng4 21. Qe2
Rae8 22. Kd2 a5 23. Bh3 Nxe5 24. fxe5 Qe7 25. Rbf1 b5 26. Qg2 Be6 27. Qg5 Qxg5
28. hxg5 g6 29. Ke2 Rb8 30. Kf3 b4 31. Rb1 1/2-1/2

[Event "IX Open"]
[Site "Condino ITA"]
[Date "2009.07.28"]
[Round "3"]
[White "Hamperl, Fred"]
[Black "De Santis, Alessio"]
[Result "0-1"]
[WhiteElo "2075"]
[BlackElo "2293"]
[PlyCount "56"]
[EventDate "2009.07.27"]

1. e4 b6 2. d4 Bb7 3. Bd3 g6 4. Nf3 Bg7 5. O-O d6 6. c3 Nd7 7. Nbd2 e6 8. Qe2
a6 9. b4 Ne7 10. Bb2 O-O 11. Rad1 c5 12. a3 Qc7 13. Ng5 h6 14. Nh3 b5 15. f4 c4
16. Bb1 Rae8 17. Nf3 f5 18. Bc1 Nf6 19. Nf2 d5 20. e5 Ne4 21. Bxe4 dxe4 22. Nh4
h5 23. Nh3 Bh6 24. Qf2 Kf7 25. Qg3 Rg8 26. Bd2 Nd5 27. Rc1 Qe7 28. Qe1 e3 0-1

[Event "IX Open"]
[Site "Condino ITA"]
[Date "2009.07.28"]
[Round "3"]
[White "Hortensius, Kees"]
[Black "Qendro, Llambi"]
[Result "0-1"]
[WhiteElo "1658"]
[BlackElo "2349"]
[PlyCount "110"]
[EventDate "2009.07.27"]

1. e4 g6 2. d4 Bg7 3. Nf3 d6 4. h3 Nf6 5. Nc3 c6 6. a4 O-O 7. Bc4 d5 8. exd5
cxd5 9. Bb3 Nc6 10. Be3 Na5 11. Ba2 Nc4 12. Bxc4 dxc4 13. Nd2 Be6 14. Qe2 Nd5
15. Nxd5 Qxd5 16. Nf3 Bf5 17. O-O Be4 18. Rfd1 Bxf3 19. Qxf3 Qxf3 20. gxf3 Rfd8
21. c3 Rd5 22. f4 Bh6 23. Rab1 b6 24. b4 Rf5 25. Re1 e6 26. Kg2 Bxf4 27. Bxf4
Rxf4 28. Re5 Rf5 29. Rxf5 gxf5 30. f4 f6 31. Re1 Kf7 32. Re3 a5 33. b5 h5 34.
Kf2 h4 35. Kf1 Rd8 36. Kf2 Rf8 37. Kf1 Re8 38. Kf2 Rd8 39. Ke2 Ke7 40. Ke1 Kd6
41. Ke2 Kd5 42. Kf2 Re8 43. Kf3 e5 44. Kf2 Re6 45. dxe5 fxe5 46. fxe5 Rxe5 47.
Rf3 Ke4 48. Re3+ Kf4 49. Rf3+ Kg5 50. Re3 Kf6 51. Rf3 Re4 52. Re3 Rxe3 53. Kxe3
Ke5 54. Kf3 f4 55. Kg4 Ke4 0-1

[Event "IX Open"]
[Site "Condino ITA"]
[Date "2009.07.28"]
[Round "3"]
[White "Lodi, Paolo"]
[Black "Zallocco, Marco"]
[Result "1-0"]
[WhiteElo "1706"]
[BlackElo "1468"]
[PlyCount "57"]
[EventDate "2009.07.27"]

1. c4 d5 2. cxd5 Qxd5 3. Nc3 Qd8 4. g3 Bf5 5. Bg2 c6 6. Nf3 e6 7. O-O Be7 8. d3
Nf6 9. Qb3 Qb6 10. Qc2 O-O 11. h3 h6 12. Be3 Qc7 13. a3 Nbd7 14. Qd2 Ne5 15.
Nxe5 Qxe5 16. Bf4 Qa5 17. b4 Qd8 18. Rfd1 Bd6 19. Bxd6 Qxd6 20. f4 Rfd8 21. e4
Qd4+ 22. Kh2 Bh7 23. Qe1 a6 24. e5 Nd5 25. Nxd5 cxd5 26. Bf1 Rac8 27. Rac1 Rxc1
28. Rxc1 Bxd3 29. Qd2 1-0

[Event "IX Open"]
[Site "Condino ITA"]
[Date "2009.07.28"]
[Round "3"]
[White "Marangoni, Simone"]
[Black "Bondoni, Bernardino"]
[Result "0-1"]
[WhiteElo "1703"]
[BlackElo "1560"]
[PlyCount "65"]
[EventDate "2009.07.27"]

1. c4 c5 2. Nc3 d6 3. Nf3 Nf6 4. g3 e6 5. Bg2 Be7 6. O-O O-O 7. d3 Nc6 8. a3 b6
9. Rb1 Bb7 10. b4 cxb4 11. axb4 Qc7 12. Bf4 e5 13. Bd2 Rfd8 14. Be3 d5 15. Nb5
Qd7 16. Bd2 dxc4 17. dxc4 e4 18. Bc3 exf3 19. Bxf3 a6 20. Na3 Rab8 21. Qb3 Na7
22. Rfd1 Qc7 23. Bd2 Bxf3 24. Qxf3 Qb7 25. Qe3 Qe4 26. Qc3 Qxe2 27. Re1 Qxd2
28. Qxd2 Rxd2 29. Rxe7 Nc6 30. Re3 h6 31. b5 axb5 32. Nxb5 Na5 33. Na3 0-1

[Event "IX Open"]
[Site "Condino ITA"]
[Date "2009.07.28"]
[Round "3"]
[White "Menon, Michele"]
[Black "Battiston, Claudio"]
[Result "0-1"]
[WhiteElo "1741"]
[BlackElo "2001"]
[PlyCount "84"]
[EventDate "2009.07.27"]

1. Nf3 d5 2. d4 Nf6 3. e3 e6 4. Bd3 Be7 5. Nbd2 Nbd7 6. c3 c5 7. O-O Qc7 8. e4
dxe4 9. Nxe4 O-O 10. Bg5 Re8 11. Bc2 Nxe4 12. Bxe4 Bxg5 13. Nxg5 Nf6 14. Bc2
Qf4 15. Nf3 b6 16. Ba4 Rd8 17. Bc6 Rb8 18. Qa4 Bb7 19. Rad1 Bxc6 20. Qxc6 cxd4
21. Rxd4 Rxd4 22. Nxd4 h6 23. a3 Rd8 24. Qb7 Rd7 25. Qc8+ Kh7 26. Qc6 Qe4 27.
Qb5 Rd5 28. Qb3 Rg5 29. g3 Rh5 30. h4 g5 31. Qd1 gxh4 32. Re1 Qd5 33. c4 Qxc4
34. g4 Nxg4 35. Nxe6 fxe6 36. Qd7+ Kg6 37. Rxe6+ Nf6 38. Qe8+ Kg5 39. Re5+ Kg4
40. Qg6+ Rg5 41. Rxg5+ hxg5 42. Qxf6 Qc1+ 0-1

[Event "IX Open"]
[Site "Condino ITA"]
[Date "2009.07.28"]
[Round "3"]
[White "Monticone, Sonia"]
[Black "Barucco, Mattia"]
[Result "1-0"]
[WhiteElo "1805"]
[BlackElo "2006"]
[PlyCount "89"]
[EventDate "2009.07.27"]

1. c4 Nf6 2. Nc3 e5 3. g3 Bb4 4. Bg2 O-O 5. e3 Re8 6. Nge2 c6 7. O-O Bf8 8. d4
e4 9. d5 d6 10. b3 c5 11. Bb2 Bf5 12. Qd2 Qe7 13. Rad1 Nbd7 14. Nf4 Ne5 15. Qc1
g5 16. Nfe2 Nf3+ 17. Kh1 Ng4 18. Bxf3 exf3 19. Ng1 Ne5 20. e4 Bc8 21. Nb5 g4
22. Na3 Bd7 23. Nc2 Qf6 24. Ne3 h5 25. Qd2 Qg6 26. Qc2 a6 27. a4 b5 28. a5 bxc4
29. bxc4 Rab8 30. Rb1 Bh6 31. Nf5 Bxf5 32. exf5 Qf6 33. Ba1 Qe7 34. Rfe1 Qc7
35. f6 Rxb1 36. Rxb1 Qxa5 37. Qf5 Qd2 38. Qxh5 Qg5 39. Qxg5+ Bxg5 40. Rb6 Nxc4
41. Rxa6 Re1 42. Bc3 Rc1 43. Ba1 Rd1 44. Ra4 Ne5 45. Bxe5 1-0

[Event "IX Open"]
[Site "Condino ITA"]
[Date "2009.07.28"]
[Round "3"]
[White "Pandini, Claudio"]
[Black "Poletti, Fausto"]
[Result "0-1"]
[WhiteElo "1266"]
[BlackElo "1894"]
[PlyCount "84"]
[EventDate "2009.07.27"]

1. c4 e5 2. Nc3 Nf6 3. b3 Nc6 4. e3 d6 5. Bb2 Be7 6. Nge2 O-O 7. d4 exd4 8.
exd4 d5 9. Nxd5 Nxd5 10. cxd5 Qxd5 11. Bc3 Bf6 12. Nf4 Qe4+ 13. Ne2 Rd8 14. Rc1
Nxd4 15. Bxd4 Bxd4 16. Qc2 Qxc2 17. Rxc2 Bb6 18. Ng3 Ba5+ 19. Ke2 Bg4+ 20. f3
Re8+ 21. Kd1 Rad8+ 22. Kc1 Re1+ 23. Kb2 Be6 24. Be2 Rxh1 25. Nxh1 Bf5 26. Rc5
Rd2+ 27. Kc1 Rxe2 28. Rd5 g6 29. Ng3 Re1+ 30. Kb2 Bb6 31. Ka3 Be6 32. Rd2 Bc5+
33. Ka4 Bd6 34. Ne4 Bxh2 35. g3 Rxe4+ 36. fxe4 Bxg3 37. Kb5 Bd6 38. a4 c6+ 39.
Ka5 Be5 40. Rd3 Kg7 41. b4 Bc4 42. Rd7 b6# 0-1

[Event "IX Open"]
[Site "Condino ITA"]
[Date "2009.07.28"]
[Round "3"]
[White "Panjkovic, Stefan"]
[Black "Forno, Roberto"]
[Result "0-1"]
[WhiteElo "1503"]
[BlackElo "1946"]
[PlyCount "98"]
[EventDate "2009.07.27"]

1. d4 g6 2. Bf4 Bg7 3. e3 c5 4. c3 Qb6 5. Qb3 Nc6 6. Nf3 Nf6 7. h3 d6 8. Be2
O-O 9. O-O Be6 10. Qxb6 axb6 11. a3 Ra5 12. Nbd2 Nd5 13. Bh2 b5 14. b4 Ra7 15.
Rfc1 Rfa8 16. Nb1 cxd4 17. cxd4 Ndxb4 18. Bxb5 Bf5 19. a4 Bd3 20. Bxd3 Nxd3 21.
Rc3 Ndb4 22. Kf1 Rxa4 23. Rxa4 Rxa4 24. Ra3 b5 25. Ke2 e5 26. dxe5 dxe5 27. e4
f5 28. Nfd2 Nd4+ 29. Kd1 Kf7 30. f3 Nbc2 31. Rxa4 bxa4 32. Nc4 Ke6 33. Kc1 Bh6+
34. Kb2 f4 35. Nba3 Ne3 36. g4 Nxc4+ 37. Nxc4 Nxf3 38. Bxf4 exf4 39. Ka3 Ne5
40. Nd2 f3 41. Nf1 Nc4+ 42. Kxa4 Ke5 43. Kb4 Nd2 44. Ng3 Kf4 45. Nh1 Nxe4 46.
Kc4 f2 47. Nxf2 Nxf2 48. Kd5 Nxh3 49. Ke6 Kxg4 0-1

[Event "IX Open"]
[Site "Condino ITA"]
[Date "2009.07.28"]
[Round "3"]
[White "Pipitone, Antonio"]
[Black "De Nisi, Roberta"]
[Result "0-1"]
[WhiteElo "2061"]
[BlackElo "1885"]
[PlyCount "72"]
[EventDate "2009.07.27"]

1. e4 e6 2. d4 d5 3. Nc3 Nf6 4. e5 Nfd7 5. f4 c5 6. Nf3 Nc6 7. Be3 cxd4 8. Nxd4
Nc5 9. Be2 Qb6 10. Qd2 Be7 11. O-O O-O 12. Nxc6 Qxc6 13. f5 f6 14. exf6 Bxf6
15. Bf3 Ne4 16. Bxe4 dxe4 17. fxe6 Bxe6 18. Rf4 Rfd8 19. Qe1 Rac8 20. Rxf6 gxf6
21. Qg3+ Kf7 22. Qh4 Bf5 23. Rf1 Bg6 24. Rf4 Re8 25. Bd4 Re6 26. Nd5 Qxd5 27.
Rxf6+ Rxf6 28. Qxf6+ Ke8 29. c3 Rc6 30. Qh8+ Kd7 31. Qb8 Re6 32. Qxa7 Ra6 33.
Qb8 Rxa2 34. h3 Rxb2 35. Be5 e3 36. c4 Qxg2# 0-1

[Event "IX Open"]
[Site "Condino ITA"]
[Date "2009.07.28"]
[Round "3"]
[White "Pretto, Aldo"]
[Black "De Bellis, Aldo"]
[Result "0-1"]
[WhiteElo "1533"]
[BlackElo "1698"]
[PlyCount "98"]
[EventDate "2009.07.27"]

1. Nf3 e6 2. g3 d5 3. Bg2 Nf6 4. O-O Nbd7 5. d3 c6 6. Nbd2 Bd6 7. e4 O-O 8. Qe2
dxe4 9. dxe4 e5 10. Nc4 Bc7 11. Rd1 Qe7 12. a4 h6 13. Nh4 Nc5 14. b4 Na6 15.
Ba3 b5 16. axb5 cxb5 17. Na5 Bd7 18. Nf5 Qe6 19. c4 Rab8 20. c5 Bxa5 21. Rd6
Qb3 22. bxa5 Bxf5 23. exf5 b4 24. Rxa6 bxa3 25. c6 Qc3 26. Qe1 Qxe1+ 27. Rxe1
a2 28. Rxa7 Rb1 29. Rf1 Rxf1+ 30. Bxf1 a1=Q 31. c7 Qc1 32. Rb7 Rc8 33. a6 Rxc7
34. a7 Rc8 35. Rb8 Qc6 36. Bg2 e4 37. Bf1 Qa8 38. Rxa8 Rxa8 39. f3 exf3 40. Kf2
Rxa7 41. Kxf3 Ra4 42. h3 h5 43. Bb5 Rb4 44. Bc6 Kf8 45. Ke3 Ke7 46. Bf3 Kd6 47.
Bd1 Ke5 48. Bc2 Nd5+ 49. Kf2 Rb2 0-1

[Event "IX Open"]
[Site "Condino ITA"]
[Date "2009.07.28"]
[Round "3"]
[White "Ravazzolo, Gaia"]
[Black "Moro, Roberto"]
[Result "0-1"]
[WhiteElo "1698"]
[BlackElo "1781"]
[PlyCount "69"]
[EventDate "2009.07.27"]

1. d4 Nf6 2. c4 d6 3. Nc3 g6 4. e4 Bg7 5. Nf3 O-O 6. Be2 h6 7. O-O Nh7 8. Be3
Nc6 9. d5 Ne5 10. Rc1 Nxf3+ 11. Bxf3 f5 12. Qd2 g5 13. c5 f4 14. Bd4 g4 15. Bd1
f3 16. g3 Qe8 17. Bxg7 Kxg7 18. Qd4+ Kg8 19. cxd6 cxd6 20. e5 Qh5 21. Kh1 dxe5
22. Qb4 Qg5 23. Bb3 Bf5 24. Rfe1 b6 25. Ne4 Bxe4 26. d6+ Kg7 27. dxe7 Rfe8 28.
Qxe4 Qxe7 29. Qxg4+ Kh8 30. Qxf3 Ng5 31. Qg2 e4 32. Ba4 Rf8 33. h4 Nf3 34. Bd1
Nxe1 35. Qf1 0-1

[Event "IX Open"]
[Site "Condino ITA"]
[Date "2009.07.28"]
[Round "3"]
[White "Ravazzolo, Gildo"]
[Black "Sanzani, Pierluigi"]
[Result "0-1"]
[WhiteElo "1503"]
[BlackElo "1824"]
[PlyCount "92"]
[EventDate "2009.07.27"]

1. Nf3 Nf6 2. c4 g6 3. Nc3 Bg7 4. d3 O-O 5. e3 d6 6. Be2 c5 7. O-O Nc6 8. a3
Bd7 9. Rb1 a6 10. b3 Rb8 11. Qc2 b5 12. cxb5 axb5 13. Nd1 Qa5 14. Bb2 e5 15. e4
Rfc8 16. Qd2 Qb6 17. h3 Be6 18. Bc1 Na5 19. b4 Nb3 20. Qb2 cxb4 21. axb4 Nxc1
22. Rxc1 Bh6 23. Rxc8+ Rxc8 24. g4 Bc1 25. Qb1 Qa7 26. Nb2 Bf4 27. Kg2 Qa3 28.
d4 Qxb4 29. d5 Bd7 30. Bd3 h6 31. Re1 Rc3 32. Bc2 Kg7 33. Nd3 Qxb1 34. Bxb1 g5
35. Nxf4 gxf4 36. Rd1 b4 37. Rd3 Nxe4 38. Rd1 Nc5 39. Nd2 Bb5 40. Ne4 Nxe4 41.
Bxe4 b3 42. h4 Be2 43. Ra1 Bd3 44. f3 b2 45. Rb1 Bxb1 46. Bxb1 Rc1 0-1

[Event "IX Open"]
[Site "Condino ITA"]
[Date "2009.07.28"]
[Round "3"]
[White "Righi, Ezio"]
[Black "Pedrotti, Luciano"]
[Result "1-0"]
[WhiteElo "2111"]
[BlackElo "1819"]
[PlyCount "119"]
[EventDate "2009.07.27"]

1. e4 e5 2. Nf3 Nc6 3. Bb5 a6 4. Ba4 Nf6 5. d3 b5 6. Bb3 Be7 7. Nbd2 O-O 8. Nf1
d5 9. Qe2 Bg4 10. c3 b4 11. Ng3 a5 12. h3 Be6 13. Ba4 Qd6 14. Bxc6 Qxc6 15.
Nxe5 Qb5 16. c4 dxc4 17. Nxc4 Nd7 18. Be3 Bf6 19. O-O Rfd8 20. Rad1 Nc5 21.
Bxc5 Qxc5 22. b3 Bd4 23. Kh2 Rd7 24. f4 Rad8 25. f5 Bxc4 26. dxc4 Qe5 27. f6 c5
28. Rf5 Qe6 29. fxg7 f6 30. Rd5 Rxd5 31. exd5 Qe5 32. Qxe5 Bxe5 33. Rd3 Kxg7
34. Kg1 Kg6 35. Kf2 Re8 36. Kf3 Bd4 37. Ne2 Be5 38. Nf4+ Kf7 39. Re3 Rg8 40. g4
Ke7 41. Nd3 Kd6 42. Nxe5 fxe5 43. Ke4 a4 44. Rf3 axb3 45. axb3 Ra8 46. Rf6+ Kc7
47. Kxe5 Ra3 48. Rf7+ Kb6 49. Rf3 Kc7 50. d6+ Kc6 51. Ke6 Ra7 52. Rf7 Ra1 53.
Rc7+ Kb6 54. Rc8 Re1+ 55. Kf7 Rf1+ 56. Ke8 Re1+ 57. Kd7 Re5 58. Rb8+ Ka7 59.
Kc7 Re3 60. d7 1-0

[Event "IX Open"]
[Site "Condino ITA"]
[Date "2009.07.28"]
[Round "3"]
[White "Scharrer, Patrick"]
[Black "Pepino, Enrico"]
[Result "1/2-1/2"]
[WhiteElo "2280"]
[BlackElo "2110"]
[PlyCount "118"]
[EventDate "2009.07.27"]

1. e4 c5 2. Nf3 d6 3. d4 cxd4 4. Qxd4 Bd7 5. c4 Nc6 6. Qd2 g6 7. Nc3 Bg7 8. b3
Nf6 9. Bb2 O-O 10. Be2 Qa5 11. Rb1 Rfc8 12. O-O Rab8 13. a3 Bg4 14. Rfd1 Qb6
15. Nd5 Nxd5 16. Bxg7 Kxg7 17. exd5 Bxf3 18. gxf3 Ne5 19. f4 Nd7 20. Bg4 f5 21.
Re1 Qd8 22. Bf3 Nf6 23. Qe3 Rc7 24. Qxa7 Ra8 25. Qb6 Rxa3 26. Ra1 Rxa1 27. Rxa1
Rc8 28. Qxd8 Rxd8 29. Ra7 Rd7 30. Kf1 Rc7 31. Ke2 Nd7 32. Kd3 Kf6 33. Kd4 Nb6
34. Be2 Nc8 35. Ra5 b6 36. Ra8 Kf7 37. h4 Ke8 38. b4 Kd8 39. Bd1 Ra7 40. Rxa7
Nxa7 41. Ba4 Nc8 42. h5 gxh5 43. Ke3 h4 44. Kf3 Kc7 45. Kg2 e6 46. dxe6 Ne7 47.
Kh3 d5 48. c5 bxc5 49. bxc5 Ng6 50. e7 Nxe7 51. Kxh4 d4 52. Bb5 h6 53. Kh5 Nd5
54. Kg6 Nxf4+ 55. Kxf5 Nh3 56. f4 d3 57. Bxd3 Nxf4 58. Be4 Nd3 59. Bxd3 Kc6
1/2-1/2

[Event "IX Open"]
[Site "Condino ITA"]
[Date "2009.07.28"]
[Round "3"]
[White "Stets, Dmitry"]
[Black "Rossi, Giampiero"]
[Result "1-0"]
[WhiteElo "2427"]
[BlackElo "1934"]
[PlyCount "53"]
[EventDate "2009.07.27"]

1. e4 c5 2. Nf3 e6 3. d4 cxd4 4. Nxd4 a6 5. Nc3 Qc7 6. Bd3 Nf6 7. Qe2 d6 8. O-O
Be7 9. Kh1 Bd7 10. f4 Nc6 11. Nf3 O-O 12. Bd2 Rfc8 13. e5 Ne8 14. Rae1 g6 15.
Qf2 Bf8 16. Ne4 Bg7 17. Bc3 Ne7 18. Qh4 Nf5 19. Qh3 h5 20. Nfg5 dxe5 21. fxe5
Bc6 22. Nf6+ Bxf6 23. exf6 Bd5 24. Bxf5 exf5 25. Rxf5 Qc6 26. Nf3 Nd6 27. Rxh5
1-0

[Event "IX Open"]
[Site "Condino ITA"]
[Date "2009.07.28"]
[Round "3"]
[White "Ubezio, Marco"]
[Black "Hortensius, Lisa"]
[Result "1/2-1/2"]
[WhiteElo "2144"]
[BlackElo "2033"]
[PlyCount "97"]
[EventDate "2009.07.27"]

1. e4 e6 2. d4 d5 3. Nc3 Bb4 4. exd5 exd5 5. Bd3 Nf6 6. Bg5 O-O 7. Qf3 Re8+ 8.
Nge2 Bg4 9. Bxf6 Bxf3 10. Bxd8 Bxe2 11. Bxe2 Rxd8 12. O-O-O c6 13. Bd3 Nd7 14.
Rhe1 Re8 15. Kd2 Nf6 16. f3 c5 17. Rxe8+ Rxe8 18. Kc1 c4 19. Bf1 Bd6 20. g3 a6
21. Kd2 b5 22. Re1 Rxe1 23. Kxe1 b4 24. Nd1 a5 25. Ne3 Kf8 26. b3 cxb3 27. cxb3
g6 28. Bb5 Ke7 29. Bc6 Ke6 30. Ke2 Bc7 31. Kd3 Bb8 32. Bb7 Bc7 33. f4 h5 34.
Bc8+ Ke7 35. Bh3 Bb8 36. Bg2 Kd6 37. f5 g5 38. Bh1 Bc7 39. Bf3 Bb8 40. Nc2 Kc6
41. Ne3 Kd6 42. h3 Bc7 43. g4 h4 44. Bg2 Bb8 45. Nc2 Kc6 46. a3 Bd6 47. axb4
Bxb4 48. Ne3 Kd6 49. Bf3 1/2-1/2

[Event "IX Open"]
[Site "Condino ITA"]
[Date "2009.07.28"]
[Round "3"]
[White "Volpinari, Danilo"]
[Black "Popa, Claudiu"]
[Result "1/2-1/2"]
[WhiteElo "2056"]
[BlackElo "2233"]
[PlyCount "109"]
[EventDate "2009.07.27"]

1. d4 d5 2. Nc3 Nf6 3. Bg5 Bf5 4. f3 Nbd7 5. Nxd5 Nxd5 6. e4 f6 7. Bd2 Be6 8.
exd5 Bxd5 9. Bd3 e5 10. Ne2 exd4 11. Nxd4 Bc5 12. Be3 O-O 13. O-O Ne5 14. c3
Nxd3 15. Qxd3 Re8 16. Rfe1 Qd7 17. b3 Bf7 18. Rad1 Rad8 19. Bf2 Rxe1+ 20. Rxe1
c6 21. Qc2 Bg6 22. Qe2 Bf7 23. Qc2 Re8 24. Rxe8+ Bxe8 25. Qe2 Bf7 26. Qe4 a5
27. Kf1 Bg6 28. Qe6+ Qxe6 29. Nxe6 Be7 30. Bb6 Bb1 31. Bxa5 Bxa2 32. Nd4 c5 33.
Nf5 Bf8 34. b4 Be6 35. Ng3 f5 36. Ke1 g6 37. Kd2 Bc4 38. bxc5 Bxc5 39. Ne2 Kf7
40. Bb4 Bb6 41. Nd4 Bc7 42. g3 f4 43. g4 Kf6 44. Bf8 h5 45. gxh5 gxh5 46. Ke1
Ke5 47. Bg7+ Kd5 48. Kd2 Bd6 49. Bf6 b5 50. Nc2 Bc5 51. Bd8 Bg1 52. h4 Bf1 53.
Bg5 Ke5 54. Bd8 Bc5 55. Bc7+ 1/2-1/2

[Event "IX Open"]
[Site "Condino ITA"]
[Date "2009.07.28"]
[Round "3"]
[White "Zerba, Fabio"]
[Black "Della Rocca, Giorgio"]
[Result "1/2-1/2"]
[WhiteElo "1482"]
[BlackElo "1910"]
[PlyCount "107"]
[EventDate "2009.07.27"]

1. d4 Nf6 2. c4 g6 3. Nc3 Bg7 4. Bg5 c5 5. d5 d6 6. e4 Nbd7 7. Nf3 h6 8. Bd2 g5
9. h3 Nf8 10. g4 Ng6 11. Qc1 Nd7 12. Be3 Nde5 13. Be2 Nxf3+ 14. Bxf3 Ne5 15.
Be2 Bd7 16. Qd2 h5 17. O-O-O hxg4 18. hxg4 Rxh1 19. Rxh1 Nxg4 20. Bxg4 Bxg4 21.
Bxg5 Qa5 22. Rh7 Bxc3 23. bxc3 Rd8 24. Rh8+ Kd7 25. Rxd8+ Kxd8 26. Qb2 b6 27.
f4 f6 28. Bh4 Kd7 29. Bg3 Bf3 30. e5 fxe5 31. fxe5 dxe5 32. Bxe5 Qa6 33. Qf2
Qa3+ 34. Qb2 Qa6 35. Qf2 Be4 36. Qf7 b5 37. cxb5 Qh6+ 38. Qf4 Qh1+ 39. Kd2 Qg2+
40. Ke3 Bxd5 41. Qf5+ Be6 42. Qd3+ Kc8 43. Qe4 Qxe4+ 44. Kxe4 Bxa2 45. Kd3 Kb7
46. c4 Kb6 47. Bg7 e6 48. Be5 a6 49. bxa6 Kxa6 50. Kc3 Kb6 51. Bg7 Kc6 52. Be5
Kd7 53. Bg3 Ke7 54. Be5 1/2-1/2

[Event "IX Open"]
[Site "Condino ITA"]
[Date "2009.07.29"]
[Round "4"]
[White "Barucco, Mattia"]
[Black "Zerba, Fabio"]
[Result "1/2-1/2"]
[WhiteElo "2006"]
[BlackElo "1482"]
[PlyCount "55"]
[EventDate "2009.07.27"]

1. e4 d5 2. exd5 Qxd5 3. Nc3 Qa5 4. d4 Nf6 5. Bc4 Bg4 6. f3 Bh5 7. Nge2 e6 8.
Bf4 c6 9. h4 Bg6 10. Qd2 Nbd7 11. g4 h6 12. h5 Bh7 13. O-O-O Nb6 14. Bb3 Nbd5
15. Nxd5 Qxd2+ 16. Bxd2 Nxd5 17. Rhe1 O-O-O 18. Nf4 Nxf4 19. Bxf4 Bd6 20. Be5
Bxe5 21. Rxe5 Rd6 22. Ra5 a6 23. Re5 b6 24. a4 Rhd8 25. c3 Kc7 26. Rde1 b5 27.
Rc5 Kb6 28. Ree5 1/2-1/2

[Event "IX Open"]
[Site "Condino ITA"]
[Date "2009.07.29"]
[Round "4"]
[White "Battiston, Claudio"]
[Black "Ubezio, Marco"]
[Result "1/2-1/2"]
[WhiteElo "2001"]
[BlackElo "2144"]
[PlyCount "49"]
[EventDate "2009.07.27"]

1. b4 e5 2. Bb2 Bxb4 3. Bxe5 Nf6 4. Nf3 O-O 5. e3 d5 6. Be2 c5 7. O-O Nc6 8.
Bb2 Re8 9. d3 Qd6 10. Nbd2 Ba5 11. Nb3 Bb6 12. a4 a5 13. Ba3 Ba7 14. Nbd4 Nxd4
15. Nxd4 Qe5 16. Nf3 Qc7 17. Bb2 Qd6 18. d4 Ne4 19. dxc5 Bxc5 20. Nd4 Qh6 21.
Bb5 Bd6 22. f4 Rd8 23. Nf3 Bg4 24. Qxd5 Bxf3 25. Rxf3 1/2-1/2

[Event "IX Open"]
[Site "Condino ITA"]
[Date "2009.07.29"]
[Round "4"]
[White "Bini, Massimo"]
[Black "Dieli, Riccardo"]
[Result "1-0"]
[WhiteElo "2066"]
[BlackElo "1907"]
[PlyCount "61"]
[EventDate "2009.07.27"]

1. d4 Nf6 2. Nf3 d5 3. Bf4 c5 4. e3 e6 5. c3 cxd4 6. exd4 Be7 7. Nbd2 O-O 8.
Bd3 Nc6 9. O-O a6 10. Ne5 h6 11. Qf3 Nxe5 12. dxe5 Nh7 13. Qh3 Bg5 14. Bxg5
Nxg5 15. Qh5 f5 16. exf6 Qxf6 17. f4 Nh7 18. Nf3 Bd7 19. Ne5 Be8 20. Qe2 Qd8
21. Rae1 Qb6+ 22. Kh1 Nf6 23. Ng6 Bxg6 24. Bxg6 Ne4 25. Bxe4 dxe4 26. b3 Qc7
27. Qxe4 Qxc3 28. Qxe6+ Kh8 29. Qe5 Qd2 30. Re2 Rae8 31. Qxe8 1-0

[Event "IX Open"]
[Site "Condino ITA"]
[Date "2009.07.29"]
[Round "4"]
[White "Bouanani, Denis"]
[Black "Menon, Michele"]
[Result "1/2-1/2"]
[WhiteElo "1533"]
[BlackElo "1741"]
[PlyCount "80"]
[EventDate "2009.07.27"]

1. d4 d6 2. c4 g6 3. Nc3 Bg7 4. Nf3 Nf6 5. e4 O-O 6. Be2 e5 7. O-O exd4 8. Nxd4
Nbd7 9. f3 Nc5 10. Be3 Ne6 11. Kh1 Nh5 12. Qd2 a6 13. Rac1 Bd7 14. Rfd1 Qh4 15.
Nxe6 Bxe6 16. Bg5 Ng3+ 17. Kg1 Bd4+ 18. Qxd4 Nxe2+ 19. Nxe2 Qxg5 20. Nc3 c6 21.
b3 b5 22. cxb5 axb5 23. Kh1 c5 24. Qxd6 Rad8 25. Qg3 Rxd1+ 26. Rxd1 Qe3 27.
Nxb5 Qe2 28. Nc3 Qe3 29. Nd5 Qe2 30. Qe1 Qxa2 31. Qc3 Bxd5 32. exd5 Qe2 33. Qd3
Qf2 34. d6 Re8 35. h3 Re1+ 36. Rxe1 Qxe1+ 37. Kh2 Qe5+ 38. Kg1 Qe1+ 39. Qf1 Qd2
40. Qa6 Qe1+ 1/2-1/2

[Event "IX Open"]
[Site "Condino ITA"]
[Date "2009.07.29"]
[Round "4"]
[White "Cesati Cassin, Giorgio"]
[Black "Marangoni, Simone"]
[Result "0-1"]
[WhiteElo "1425"]
[BlackElo "1703"]
[PlyCount "36"]
[EventDate "2009.07.27"]

1. e4 d6 2. d4 Nf6 3. Nc3 g6 4. f4 Bg4 5. Qd3 Bd7 6. Nf3 Bg7 7. e5 Ng4 8. h3
Nh6 9. Qe4 Qc8 10. Nh4 O-O 11. Nd5 Qd8 12. Nc3 e6 13. Qxb7 Qxh4+ 14. Kd1 Bc6
15. Qxc7 dxe5 16. dxe5 Qf2 17. Bd2 Bxg2 18. Bxg2 Qxg2 0-1

[Event "IX Open"]
[Site "Condino ITA"]
[Date "2009.07.29"]
[Round "4"]
[White "De Bellis, Aldo"]
[Black "De Polzer, Manfredi"]
[Result "1/2-1/2"]
[WhiteElo "1698"]
[BlackElo "1813"]
[PlyCount "68"]
[EventDate "2009.07.27"]

1. e4 d6 2. Nf3 g6 3. Bc4 e6 4. c3 c5 5. O-O Qc7 6. d3 a6 7. Bf4 Bg7 8. h3 b5
9. Bb3 Bb7 10. Nbd2 Nd7 11. Rc1 Ne7 12. d4 c4 13. Bc2 O-O 14. Re1 Rad8 15. Qe2
e5 16. Be3 h6 17. Nf1 Nf6 18. Ng3 Nh7 19. Qd2 g5 20. d5 Bc8 21. Nh2 Ng6 22. Nf5
Nf4 23. Ng4 Bxf5 24. exf5 f6 25. Kh2 h5 26. Bxf4 hxg4 27. Be3 gxh3 28. g4 Kf7
29. Be4 Rh8 30. f3 Nf8 31. Qf2 Rb8 32. a3 Nd7 33. Rg1 Rh7 34. Ra1 Nb6 1/2-1/2